| 000 | 00596nam a22001697a 4500 | ||
|---|---|---|---|
| 999 |
_c61415 _d61415 |
||
| 005 | 20240311111953.0 | ||
| 008 | 240311s1999 ru ||||| |||| 00| 0 rus d | ||
| 041 | _arus | ||
| 080 | _a008(075.8) P-62 | ||
| 100 |
_aРождественский, Ю.В. _921372 |
||
| 245 |
_aВведение в культуроведение : _cЮ. В. Рождественский. |
||
| 250 | _a2-е издание | ||
| 264 |
_aМосква : _bДобросвет, _c1999. |
||
| 300 |
_a287 с. _b21 см. |
||
| 653 | _aშესავალი კულტუროლოგიაში | ||
| 942 |
_2udc _cBK |
||